000 01105nam a2200313 i 4500
003 DO-SdBNP
005 20240712152233.0
007 ta
008 240712b2003 sp c 001 0 spa d
020 _a84378249
040 _aDO-SdBNP
_bspa
_cBNPHU
_erda
082 4 _bP937
_222
100 1 _aPreston, Paul
_eautor
_d1946-
_986064
245 1 0 _aJuan Carlos :
_bel rey de un pueblo /
_cPaul Preston ; traducción de Eva Rodriguez Halffter y Gabriel Vazquez
264 _aBarcelona, España :
_bPlaza & Janes,
_c2003.
300 _a654 páginas :
_bretratos
_c23 cm.
336 _2rdacontent
_atexto
_btxt
337 _2rdamedia
_asin mediación
_bnc
338 _2rdacarrier
_avolumen
_bnc
490 1 _aLa línea del horizonte.
500 _aIncluye índice onomástico.
500 _aIncluye datos biografícos del autor en la solapa de la portada.
504 _aBibliografía p: 413-421.
590 _aInventariado, 2024/ YL
700 1 _aRodríguez Halffter, Eva
_etraducción
_911936
700 1 _aVázquez Torres, Gabriel J.,
_etraducción
_986074
910 _aYlockward
942 _2ddc
_cLBS1
999 _c57287
_d57287